Ying yang wu yao qi shu /

Saved in:
Bibliographic Details
Main Author: Jiang, Zhidong.
Other Authors: Gu, Heting.
Format: Book
Language:Chinese
Published: [China : Gusu Gu shi yue zhen tang, Qianlong geng hü [1790]
Subjects:
Tags: Add Tag
No Tags, Be the first to tag this record!
LEADER 00997cam a2200289ui 4500
001 007741530-2
005 20070214115014.0
008 970211r1790uuuucc a 000 0 chi d
035 0 |a ocm36366520 
040 |a *CVU*  |c *CVU*  |d *YNH*  |d CStRLIN 
100 1 |6 880-01  |a Jiang, Zhidong. 
245 1 0 |6 880-02  |a Ying yang wu yao qi shu /  |c Gu Heting chong ji. 
260 |6 880-03  |a [China :  |b Gusu Gu shi yue zhen tang,  |c Qianlong geng hü [1790] 
300 |a 6 v. (double leaves) in case :  |b ill. ;  |c 28 cm. 
500 |6 880-04  |a Yue zhen tang cang ban. 
500 |a Double leaves, oriental style, in 1 case. 
500 |a Reprint ed. 
650 0 |a Astrology, Chinese. 
650 0 |a Divination. 
700 1 |6 880-05  |a Gu, Heting. 
880 1 |6 100-01  |a 江之棟. 
880 1 0 |6 245-02  |a 陰陽五要奇書 /  |c 顧鶴庭重輯. 
880 |6 260-03  |a [China :  |b 姑蘇顧氏樂眞堂,  |c 乾隆庚戌[1790] 
880 |6 500-04  |a 樂眞堂藏版. 
880 1 |6 700-05  |a 顧鶴庭. 
988 |a 20021111 
906 |0 OCLC